000 00309nam a22001337a 4500
008 181001b xxu||||| |||| 00| 0 eng d
020 _ax000ajre9h
041 _aeng
080 _28th
_a311
100 _a55
101 _aSTA
245 _aStatistics for management and economics
_cKeller,G
942 _2udc
_cBK
999 _c48749
_d48749